| Tag |
First Indicator |
Second Indicator |
Subfields |
| LEADER |
00000cam a2200000 4500 |
| 001 |
in00000685396 |
| 005 |
20151015164732.0 |
| 008 |
731129s1950 iduac b 00000 eng u |
| 010 |
|
|
|a 50006702
|
| 035 |
|
|
|a (OCoLC)00751492
|
| 035 |
|
|
|9 ACZ7621AM
|
| 040 |
|
|
|c KSU
|d TXA
|d UtOrBLW
|
| 049 |
|
|
|a TXAM
|c [314907]
|
| 050 |
|
0 |
|a F841
|b .M15
|
| 092 |
|
|
|a 979.3
|b M292r
|
| 100 |
1 |
|
|a Manter, Ethel H. Van Vick,
|d 1907-
|
| 245 |
1 |
0 |
|a Rocket of the Comstock ;
|b the story of John William Mackay.
|
| 264 |
|
1 |
|a Caldwell, Idaho :
|b Caxton Printers,
|c 1950.
|
| 300 |
|
|
|a 256 pages :
|b illustrations portraits ;
|c 24 cm.
|
| 336 |
|
|
|a text
|b txt
|2 rdacontent
|
| 337 |
|
|
|a unmediated
|b n
|2 rdamedia
|
| 338 |
|
|
|a volume
|b nc
|2 rdacarrier
|
| 504 |
|
|
|a Bibliographical references included in "Footnotes" (pages [253]-256).
|
| 600 |
1 |
0 |
|a Mackay, John William,
|d 1831-1902.
|
| 651 |
|
0 |
|a Comstock Lode (Nev.)
|
| 999 |
|
|
|a MARS
|
| 999 |
f |
f |
|s 79713dd1-6e43-37f2-a850-08553afe7fb0
|i 107da407-822f-3d6b-9166-9708340cb7f1
|t 0
|
| 952 |
f |
f |
|p ric
|a Texas A&M University
|b Rellis Campus
|c Joint Library Facility
|d Remote Storage
|t 0
|e F841 M15
|h Library of Congress classification
|i unmediated -- volume
|m A14801546836
|
| 998 |
f |
f |
|a F841 M15
|t 0
|l Remote Storage
|